000 00881nam a2200253 a 4500
008 951212s1980||||CS 0 slo c
020 _c14 Kčs.
_q(2000 výtl.)
040 _aSNK
_bslo
_cSNK
_eAACR2
044 _axo
_cSK
080 _a140.8:1 100(035.3)
080 _a1 100(035.3)
080 _a141.13
080 _a140.8(035.3)
100 1 _aDuda, Emil
245 1 0 _aSvetonázor, veda, spoločenská prax
_cEmil Duda ; Ľubomír Longauer
250 _a1., vyd.
260 _aBratislava
_bObzor
_c1980
_eBratislava
_fSvornosť
300 _a175 s., 11,03 AH
_c21 cm
490 0 _aMalá moderná encyklopédia
500 _aLit. 93. Vyd. v spolupr. so Socialistickou akadémiou SSR, Bratislava. Ilustr. tit. list. 93 zázn. lit. o knihách, čas. a novinách v jaz. slov., čes., rus., nem. a angl.
700 1 _aLongauer, Ľubomír
_4gup
041 _aslo
958 _aA
999 _c15500
_d15500